Reprezentácia ženy v reklame
História reklám, v ktorých účinkovali ženy. Atribúty, ktoré sú žiadané v reklamách. Predstavy o vlastnostiach mužov a žien s mediálnym obrazom oboch pohlaví. Príťažlivosť jednotlivých aspektov v reklame. Problémy porušovania etického kódexu v reklamách so ženami. Komodifikácia žien v reklame. Psycho...
Na minha lista:
| Autor principal: | |
|---|---|
| Formato: | Capítulo de Livro |
| Idioma: | eslovaco |
| Assuntos: | |
| Tags: |
Sem tags, seja o primeiro a adicionar uma tag!
|
MARC
| LEADER | 00000nla$a2200000$$$4500 | ||
|---|---|---|---|
| 001 | 0126238 | ||
| 005 | 20231207080759.3 | ||
| 041 | 0 | |a slo | |
| 044 | |a SK | ||
| 245 | 1 | 0 | |a Reprezentácia ženy v reklame |c Drahomíra Janíková |
| 520 | |a História reklám, v ktorých účinkovali ženy. Atribúty, ktoré sú žiadané v reklamách. Predstavy o vlastnostiach mužov a žien s mediálnym obrazom oboch pohlaví. Príťažlivosť jednotlivých aspektov v reklame. Problémy porušovania etického kódexu v reklamách so ženami. Komodifikácia žien v reklame. Psychologické aspekty reklamy. Ideály krásy propagované v reklame. | ||
| 610 | 2 | 0 | |a reklama |
| 610 | 2 | 0 | |a stratégia marketingová |
| 610 | 2 | 0 | |a ženy |
| 610 | 2 | 0 | |a kódexy etické |
| 100 | 1 | |a Janíková, Drahomíra | |